| 000 | 01515nam a2200229Ia 4500 | ||
|---|---|---|---|
| 003 | Ost | ||
| 005 | 20260507075155.0 | ||
| 008 | 260507s9999||||xx |||||||||||||| ||und|| | ||
| 020 | _a57791199579 | ||
| 040 | _cfsecg | ||
| 041 | _aara | ||
| 082 | _a330 | ||
| 100 |
_aالقريشى، مدحت كاظم _eمؤلف |
||
| 245 | 0 |
_aدراسات الجدوى الاقتصادية و تقييم المشروعات الصناعية / _c مدحت كاظم القريشى |
|
| 260 |
_aعمان: _bدار وائل, _c2009 |
||
| 300 |
_a283 صفحة؛ _bإيضاحات ؛ _c24 سم |
||
| 504 | _aمراجع ص.277(اقتناءات 2014 3ن) | ||
| 520 | _aالاطار العام لدراسات الجدوى الاقتصادية ، أنواع دراسات الجدوى الاقتصادية ، البيانات و المعلومات اللازمة لدراسة الجدوى الاقتصادية و تقييم المشروعات ، معايير الربحية التجارية الخاصة لللمشروعات ، معايير الربحية الاقتصادية القومية للمشروعات : الطرق الجزئية و الطرق الشاملة ، تحليل الربحية التجتلاية و القومية في ظروف المخاطر و عدم التأكد ، تقييم الاداء في المنشآت الصناعية ، حالات تطبيقية لتقييم المشروعات الصناعية | ||
| 653 | _aالمشاريع الصناعية | ||
| 653 | _aتقييم الأداء | ||
| 942 | _cكتاب | ||
| 999 |
_c43364 _d43364 |
||